[Event "Hradec Kralove op"]
[Site "Hradec Kralove"]
[Date "1994.??.??"]
[Round "5"]
[White "Jedlicka, Ales"]
[Black "Cerny, Martin"]
[Result "1-0"]
[WhiteElo "2070"]
[BlackElo "2145"]

1.d4 d5 2.c4 c6 3.Nf3 Nf6 4.Nc3 dxc4 5.a4 Bf5 6.e3 e6 7.Bxc4 Bb4 8.O-O O-O
9.Qe2 Nbd7 10.Ne5 Nxe5 11.dxe5 Bxc3 12.bxc3 Nd5 13.Ba3 Re8 14.Rac1 Nb6 15.e4 Bg6
16.Bb3 Qh4 17.f4 Rad8 18.g3 Qh3 19.a5 Nc8 20.Qe3 h5 21.Rcd1 h4 22.Bd6 f5
23.exf5 Bxf5 24.Rf2 Rd7 25.Bc2 Qg4 26.Rd4 Bxc2 27.Rxc2 Red8 28.Rcd2 h3 29.Kf2 Qf5
30.Qd3 g6 31.Kf3 Kf7 32.g4 Qxd3+ 33.R2xd3 Nxd6 34.Rxd6 Ke7 35.Ke4 Rxd6 36.exd6+ Rxd6
37.Rxh3 Rd7 38.Rh7+ Kd6 39.Rxd7+ Kxd7 40.h4 b5 41.h5 gxh5 42.gxh5 Ke7 43.Kd4  1-0

[Event "Hradec Kralove op"]
[Site "Hradec Kralove"]
[Date "1994.??.??"]
[Round "7"]
[White "Jurik, Zdenek"]
[Black "Cerny, Martin"]
[Result "0-1"]
[WhiteElo "2060"]
[BlackElo "2145"]

1.d4 d5 2.c4 c6 3.Nf3 Nf6 4.Nc3 dxc4 5.a4 Bf5 6.Ne5 Nbd7 7.Nxc4 Nb6 8.Ne5 e6
9.e3 Nbd7 10.Qb3 Qc7 11.Nxd7 Qxd7 12.Be2 Bd6 13.O-O Qc7 14.h3 O-O 15.Bd2 e5
16.Rac1 Qd7 17.dxe5 Bxe5 18.Rcd1 Rad8 19.Bc1 Qc8 20.Rxd8 Rxd8 21.Rd1 Rxd1+
22.Bxd1 h5 23.Qc4 Qd7 24.Be2 a5 25.Qc5 Bc7 26.e4 Bxe4 27.Bg5 Qf5 28.Qxf5 Bxf5
29.Bxf6 gxf6 30.Bxh5 Be5 31.Bd1 b5 32.f4 Bd4+ 33.Kf1 b4 34.g4 Be6 35.Ne4 Bxb2
36.Nc5 Bc4+ 37.Be2 Ba2 38.Bd3 Bd4 39.Nb7 Bb6 40.Nd6 Bb3 41.Nc4 Bc7 42.Nb2 Bxf4
43.Ke2 Be6 44.Nc4 Bc7 45.Ke3 c5 46.Nd2 Kg7 47.Kf3 b3 48.Bc4 Bxc4 49.Nxc4 Be5
50.Nd2 b2 51.Ke4 Bc3 52.Nb1 Bb4 53.Kd3 Kg6  0-1

[Event "HUN-chT2 9394"]
[Site "?"]
[Date "1994.??.??"]
[Round "?"]
[White "Sinkovics, Peter"]
[Black "Marosi, Csaba"]
[Result "1-0"]
[WhiteElo "2395"]
[BlackElo "2255"]

1.d4 d5 2.c4 c6 3.Nf3 Nf6 4.Nc3 dxc4 5.a4 Bf5 6.e3 e6 7.Bxc4 Bb4 8.O-O O-O
9.Qb3 Qe7 10.a5 c5 11.Ne5 Nc6 12.a6 cxd4 13.axb7 Qxb7 14.Ba6 Qc7 15.Nxc6 Qxc6
16.Qxb4 Rab8 17.Qxd4 Rfd8 18.Qa4 Qc5 19.e4 Bg6 20.Be3 Qe5 21.Qa5 Qxa5 22.Rxa5 Rxb2
23.f3 Rb3 24.Rd1 Rxd1+ 25.Nxd1 Nd7 26.Be2 h6 27.Rxa7 Ne5 28.Kf2 f5 29.Bd4 Nf7
30.Bc4 Rb4 31.exf5 exf5 32.Ne3 f4 33.Bxf7+ Bxf7 34.Nf5 Rc4 35.h4 Rc2+ 36.Kg1 Rd2
37.Kh2 h5 38.Bxg7 Bc4 39.Nh6+ Kh7 40.Bc3+  1-0

[Event "HUN-chT2 9394"]
[Site "?"]
[Date "1994.??.??"]
[Round "?"]
[White "Orso, Janos"]
[Black "Tomcsanyi, Peter"]
[Result "1/2-1/2"]
[WhiteElo "2310"]
[BlackElo "2290"]

1.d4 d5 2.c4 c6 3.Nc3 Nf6 4.Nf3 dxc4 5.a4 Bf5 6.e3 e6 7.Bxc4 Bb4 8.O-O O-O
9.Qe2 Bg4 10.Rd1 Nbd7 11.e4 Qc7 12.Bg5 h6 13.Bh4 Bxc3 14.Bxf6 Nxf6 15.bxc3 Qf4
16.Re1 Bxf3 17.Qxf3 Qxf3 18.gxf3 c5 19.d5 exd5  1/2-1/2

[Event "Ikaria op"]
[Site "Ikaria"]
[Date "1994.??.??"]
[Round "7"]
[White "Nikolaidis, Ioannis"]
[Black "Mendrinos, Nikolaos"]
[Result "1/2-1/2"]
[WhiteElo "2460"]
[BlackElo "2255"]

1.d4 d5 2.c4 c6 3.Nf3 Nf6 4.Nc3 dxc4 5.a4 Bf5 6.e3 e6 7.Bxc4 Bb4 8.O-O O-O
9.Nh4 Bg4 10.f3 Nd5 11.fxg4 Qxh4 12.Qf3 Nd7 13.Ne2 Bd6 14.g3 Qe7 15.a5 Nb4
16.Nc3 a6 17.Ne4 Bc7 18.g5 Nd5 19.Bd2 e5 20.h4 Rad8 21.Qg4 Qe6 22.Qf3 Qe7
23.Kg2 f5 24.gxf6 Nxf6 25.Nxf6+ Rxf6 26.Qe4 Kh8 27.h5 exd4 28.Bxd5 Qd6 29.Rxf6 Qxg3+
30.Kf1 cxd5 31.Qf3 gxf6 32.Qxf6+ Kg8 33.Qe6+ Kh8 34.Qf6+ Kg8 35.Qe6+ Kh8
36.Qf6+ Qg7 37.Qxg7+ Kxg7 38.exd4 Bf4 39.Bxf4 Rf8 40.Ke2 Rxf4 41.Ke3 Re4+
42.Kd3 Rh4 43.Re1 Rh3+ 44.Kc2 Rxh5 45.Re7+ Kf6 46.Rxb7 Kf5 47.Rb6 Ke4 48.Kc3 Rh3+
49.Kb4 Kxd4 50.Rxa6 Rh2 51.b3 h5 52.Rh6 Kd3 53.a6 d4 54.Kb5 Ra2 55.Rxh5 Kc3
56.b4 d3 57.Rh3 Kd4 58.Kb6 d2 59.Rh1 Kc4 60.Rb1 Rb2 61.Ra1 Ra2 62.Rd1 Kxb4
63.a7 Rxa7  1/2-1/2

[Event "ISL-chT"]
[Site "?"]
[Date "1994.??.??"]
[Round "?"]
[White "Halldorsson, Bragi"]
[Black "Bjornsson, Tomas"]
[Result "1-0"]
[WhiteElo "2225"]
[BlackElo "2260"]

1.d4 d5 2.c4 c6 3.Nc3 Nf6 4.Nf3 dxc4 5.a4 Bf5 6.e3 e6 7.Bxc4 Nbd7 8.O-O Bb4
9.Qe2 Bg6 10.e4 Bxc3 11.bxc3 Nxe4 12.Ba3 Qa5 13.Bb4 Qc7 14.a5 O-O-O 15.Rfb1 Qf4
16.Ba6 bxa6 17.Qxa6+ Kc7 18.Qxa7+ Kc8 19.Be7 Nec5 20.dxc5 Bxb1 21.Rxb1 Nxc5
22.Bxc5 Qc7 23.Qa6+  1-0

[Event "Isle of Man op"]
[Site "Isle of Man"]
[Date "1994.??.??"]
[Round "7"]
[White "Conquest, Stuart"]
[Black "Kristensen, Bjarke"]
[Result "0-1"]
[WhiteElo "2505"]
[BlackElo "2440"]

1.d4 d5 2.c4 c6 3.Nc3 Nf6 4.Nf3 dxc4 5.a4 Bf5 6.e3 e6 7.Bxc4 Bb4 8.O-O O-O
9.Qe2 Ne4 10.Bd3 Bxc3 11.bxc3 Nxc3 12.Qc2 Bxd3 13.Qxd3 Nd5 14.Rb1 b6 15.Ba3 Re8
16.Ne5 Qc7 17.Rfc1 Rc8 18.g3 h6 19.e4 Nf6 20.Nc4 Rd8 21.Bd6 Qc8 22.Qf3 Rd7
23.Be5 Ne8 24.d5 f6 25.Ba1 e5 26.Ne3 c5 27.Qg4 Nd6 28.f4 Rd8 29.Qg6 Nd7 30.Ng4 Nf7
31.fxe5 Ndxe5 32.Bxe5 Nxe5 33.Nxf6+ Kf8 34.Nh7+ Kg8 35.Nf6+ Kf8 36.Qh5 gxf6
37.Rf1 Ke7 38.Rxf6 Kxf6 39.Rf1+ Kg7 40.Qxe5+ Kg8 41.Qf6 Qg4 42.Qf7+ Kh8 43.Rf6 Qd1+
44.Kg2 Qd2+ 45.Kh3 Rg8 46.d6 Rg7 47.Qe6 Rag8 48.e5 Qc1 49.Qd5 Rg4 50.e6 Qe3
51.Rf3 Qe2 52.Qf5 R4g5 53.Qf6+ R8g7 54.Qxh6+ Rh7 55.Rf8+  0-1

[Event "JUG-chT2"]
[Site "?"]
[Date "1994.??.??"]
[Round "8"]
[White "Jovicic, Milos"]
[Black "Misailovic, Nebojsa"]
[Result "1/2-1/2"]
[WhiteElo "2380"]
[BlackElo "2405"]

1.Nf3 d5 2.d4 Nf6 3.c4 c6 4.Nc3 dxc4 5.a4 Bf5 6.Nh4 e6 7.Nxf5 exf5 8.e3 Bd6
9.Bxc4 O-O 10.Qf3 g6 11.h3 Nbd7 12.g4 Nb6 13.Bb3 f4 14.a5 Nbd5 15.exf4 Bb4
16.O-O Bxa5 17.f5 Bc7 18.Bh6 Qd6 19.Rfe1 Rfe8 20.Kf1 Qh2 21.Nxd5 Nxd5 22.Bxd5 cxd5
23.Rxe8+ Rxe8 24.Rxa7 Qd6 25.Bg5 Qb6 26.fxg6 hxg6 27.Qf6 Qb5+ 28.Kg2 Bd8
29.Qf4 Bxg5 30.Qxg5 Qb6 31.Ra4 Qb5 32.Ra7 Qb6  1/2-1/2

[Event "Kopavogur"]
[Site "Kopavogur"]
[Date "1994.??.??"]
[Round "?"]
[White "Halldorsson, Bragi"]
[Black "Bjornsson, Tomas"]
[Result "0-1"]
[WhiteElo "2225"]
[BlackElo "2260"]

1.d4 d5 2.c4 c6 3.Nc3 Nf6 4.Nf3 dxc4 5.a4 Bf5 6.e3 e6 7.Bxc4 Nbd7 8.O-O Bb4
9.Qe2 Bg6 10.Rd1 Qe7 11.Bd3 O-O 12.e4 e5 13.dxe5 Nxe5 14.Nxe5 Qxe5 15.f3 Bc5+
16.Be3 Rfe8 17.Bxc5 Qxc5+ 18.Qf2 Qe7 19.a5 Nd7 20.Bc2 Ne5 21.Ra4 f6 22.Rad4 Qc5
23.f4 Ng4 24.Qg3 Qxa5 25.Qxg4 Bh5 26.Qf5 Qxf5 27.exf5 Bxd1 28.Bxd1 Rad8 29.Bb3+ Kf8
30.Rb4 b5 31.Be6 a5 32.Re4 Rd2 33.Re2 Rxe2 34.Nxe2 Rd8 35.Kf2 Rd2 36.b3 a4
37.bxa4 bxa4 38.Ke3 Rb2 39.g4 a3 40.Nc3 Rxh2 41.Kd4 Rg2 42.g5 fxg5 43.fxg5 Rxg5
44.Kc5 Rg2 45.Kb4 Rg3 46.Nb1 Ke7 47.Nxa3 h5 48.Nc4 h4 49.Ne5 h3 50.Kc5 Rc3+
51.Kd4 Rc1 52.Ng4 Rg1  0-1

[Event "Kopavogur"]
[Site "Kopavogur"]
[Date "1994.??.??"]
[Round "?"]
[White "Karason, Askell O"]
[Black "Bjornsson, Tomas"]
[Result "1/2-1/2"]
[WhiteElo "2225"]
[BlackElo "2260"]

1.d4 d5 2.c4 c6 3.Nf3 Nf6 4.Nc3 dxc4 5.a4 Bf5 6.e3 e6 7.Bxc4 Nbd7 8.O-O Bb4
9.Nh4 Bg6 10.h3 O-O 11.Nxg6 hxg6 12.Qc2 c5 13.Na2 Qb6 14.Nxb4 Qxb4 15.Bd2 Qb6
16.a5 Qc6 17.dxc5 Nxc5 18.Rfc1 Rac8 19.Bb4 Rfd8 20.Be2 b6 21.Be1 Qe8 22.axb6 axb6
23.Rd1 Rxd1 24.Qxd1 Nd5 25.b4 Ne4 26.Qb3 Qc6 27.f3 Nec3 28.Bf1 Nxe3 29.Ba6 Rc7
30.Bf2 Ned5 31.Bf1 Qd6 32.b5 Nf4 33.Ra8+ Kh7 34.Be3 Nfe2+ 35.Bxe2 Nxe2+ 36.Kf2 Nc3
37.Qa3 Qd3 38.Bxb6 Rb7 39.Qc5 Qd2+ 40.Kg1 Qe1+ 41.Kh2 Ne2 42.Qf2 Qxf2 43.Bxf2 Rxb5
44.Ra2 Nf4 45.Bg3 Nd5 46.Ra7 Kg8 47.Ra8+ Kh7 48.Ra7 f6 49.Ra2 g5 50.Re2 e5
51.h4 gxh4 52.Bxh4 Nf4 53.Ra2 Kg6 54.Bf2 Rb7 55.Rd2 Kf7 56.Ra2 Ke6 57.Be3 Nd5
58.Bd2 f5 59.Ra6+ Kf7 60.Ra5 Ke6 61.Ra6+ Kf7 62.Ra5 Rd7 63.Kg1 e4 64.fxe4 fxe4
65.Kf2 Ke6 66.Bc1 Rc7 67.Bg5 Rf7+ 68.Ke2 Ke5 69.Bh4 Rb7 70.Bg3+ Kd4 71.Ra4+ Rb4
72.Rxb4+ Nxb4 73.Bf2+ Ke5 74.Bg3+ Kf5 75.Bb8 Nd5 76.Bd6 Ke6 77.Bb8 Kf5 78.Bd6 Nf4+
79.Kf2 Nd3+ 80.Ke3 Ne5 81.Bc5 Nc6 82.Ba3 g6 83.Bf8 Ne5 84.Bc5 Ng4+ 85.Ke2 Ke5
86.Ba7 Kf4 87.Bb8+ Ne5 88.Bc7 Kf5 89.Bb8 Nc6 90.Bd6 Ke6 91.Bf8 Nd4+ 92.Ke3 Kd5
93.Kd2 Nf5 94.g4 Nd6  1/2-1/2

[Event "Kopavogur"]
[Site "Kopavogur"]
[Date "1994.??.??"]
[Round "?"]
[White "Kristensen, Bjarke"]
[Black "Gretarsson, Helgi Ass"]
[Result "1-0"]
[WhiteElo "2465"]
[BlackElo "2390"]

1.d4 d5 2.c4 c6 3.Nf3 Nf6 4.Nc3 dxc4 5.a4 Bf5 6.e3 e6 7.Bxc4 Bb4 8.O-O Nbd7
9.Qe2 Bg6 10.Rd1 O-O 11.Bd2 a5 12.Be1 Qe7 13.h3 Rfd8 14.Nh4 e5 15.Nxg6 hxg6
16.d5 Nc5 17.dxc6 bxc6 18.Qc2 e4 19.Ne2 Bxe1 20.Rxe1 Nd3 21.Red1 Nd5 22.Ng3 N5b4
23.Qe2 Qe5 24.Rd2 Rd6 25.Rad1 Rad8 26.Qg4 Nxf2 27.Bxf7+ Kf8 28.Rxf2 Rxd1+
29.Kh2 R1d2 30.Rf1 R2d6 31.Bxg6+ Rf6 32.Qh4 Ke7 33.Rf5 Qd6 34.Rf4 Kd7 35.Bf5+ Kc7
36.Nxe4 Qe5 37.Nxf6 gxf6 38.Be4 Rd6 39.Qg3 Kb6 40.b3 Rd1 41.Rg4 Qa1 42.Qb8+ Kc5
43.Rf4 Rh1+ 44.Kg3 Qe1+ 45.Kg4 Qd1+ 46.Bf3 Qd7+ 47.Kg3 Rc1 48.Qf8+ Qd6 49.Qxd6+ Kxd6
50.Rxf6+ Ke5 51.Rh6  1-0

[Event "Kopavogur"]
[Site "Kopavogur"]
[Date "1994.??.??"]
[Round "?"]
[White "Gislason, Gudmundur"]
[Black "Bjornsson, Tomas"]
[Result "0-1"]
[WhiteElo "2325"]
[BlackElo "2260"]

1.d4 d5 2.c4 c6 3.Nf3 Nf6 4.Nc3 dxc4 5.a4 Bf5 6.Ne5 e6 7.f3 Bb4 8.e4 Bxe4
9.fxe4 Nxe4 10.Bd2 Qxd4 11.Nxe4 Qxe4+ 12.Qe2 Bxd2+ 13.Kxd2 Qd5+ 14.Kc2 O-O
15.Qe3 f6 16.Nxc4 Na6 17.Be2 b5 18.axb5 Nb4+ 19.Kc3 cxb5 20.Kxb4 bxc4 21.Kc3 Rab8
22.Bxc4 Rfc8 23.Ra4 Qb5 24.Qxe6+ Kh8 25.Rxa7 Qb3+ 26.Kd4 Rxc4+  0-1

[Event "Las Vegas op"]
[Site "Las Vegas"]
[Date "1994.??.??"]
[Round "?"]
[White "Maass, Gustavo"]
[Black "Salazar, Hernan"]
[Result "0-1"]
[WhiteElo "2275"]
[BlackElo "2370"]

1.d4 d5 2.Nf3 c6 3.c4 Nf6 4.Nc3 dxc4 5.a4 Bf5 6.e3 e6 7.Bxc4 Bb4 8.O-O O-O
9.Qb3 Qb6 10.Nh4 Bg4 11.f3 Bh5 12.g4 Bg6 13.Nxg6 hxg6 14.Na2 Ba5 15.Qa3 Na6
16.Rb1 Nb4 17.Nxb4 Bxb4 18.Qd3 Rad8 19.g5 Nd7 20.Qe4 c5 21.b3 cxd4 22.exd4 e5
23.Be3 exd4 24.Bxd4 Bc5 25.Bf2 Bxf2+ 26.Rxf2 Rfe8 27.a5 Qxa5 28.Qxg6 Ne5
29.Qh5 Nxc4 30.bxc4 Re1+ 31.Rxe1 Qxe1+ 32.Kg2 Rd1 33.Qg4 g6 34.Qg3 a5 35.Qb8+ Kg7
36.Qg3 a4 37.f4 Kg8 38.f5 Qh1+ 39.Kh3 Qe4 40.Qb8+ Kg7 41.f6+ Kh7 42.Qf4 Rd3+
43.Kh4 Qe6 44.Qg4 Qd6  0-1

[Event "Lazne Bohdanec"]
[Site "Lazne Bohdanec"]
[Date "1994.??.??"]
[Round "2"]
[White "Trichkov, Vasil"]
[Black "Kuporosov, Viktor"]
[Result "1/2-1/2"]
[WhiteElo "2415"]
[BlackElo "2520"]

1.d4 Nf6 2.Nf3 d5 3.c4 c6 4.Nc3 dxc4 5.a4 Bf5 6.e3 e6 7.Bxc4 Bb4 8.O-O Nbd7
9.Qe2 Bg6 10.e4 O-O 11.Bd3 h6 12.Bd2 a5 13.Rfd1 Re8 14.e5  1/2-1/2

[Event "Lazne Bohdanec"]
[Site "Lazne Bohdanec"]
[Date "1994.??.??"]
[Round "3"]
[White "Haba, Petr"]
[Black "Trichkov, Vasil"]
[Result "1/2-1/2"]
[WhiteElo "2475"]
[BlackElo "2415"]

1.d4 d5 2.c4 c6 3.Nf3 Nf6 4.Nc3 dxc4 5.a4 Bf5 6.Ne5 Nbd7 7.Nxc4 Qc7 8.g3 e5
9.dxe5 Nxe5 10.Bf4 Rd8 11.Qc1 Bd6 12.Nxd6+ Qxd6 13.Bg2 Qe7 14.O-O a5 15.h3 O-O
16.g4 Bc8 17.Qe3 Rfe8 18.Rfd1 Rxd1+ 19.Rxd1 h6 20.g5 hxg5 21.Bxg5 Bf5 22.f4 Ng6
23.Qxe7 Nxe7 24.e4 Be6 25.Bxf6 gxf6 26.f5 Bc4 27.Bf1 Bxf1 28.Kxf1 b5 29.axb5 cxb5
30.Nxb5 Rb8 31.Nc7 Rxb2 32.Rd8+ Kg7 33.Ne8+ Kh6 34.Nxf6 Kg5 35.Ng4 Nc6 36.Ra8 Kf4  1/2-1/2

[Event "Legnica Voivode Cup"]
[Site "Legnica"]
[Date "1994.??.??"]
[Round "?"]
[White "Touzane, Olivier"]
[Black "Janocha, Wieslaw"]
[Result "1-0"]
[WhiteElo "2320"]
[BlackElo "2390"]

1.d4 d5 2.c4 c6 3.Nc3 Nf6 4.Nf3 dxc4 5.a4 Bf5 6.e3 e6 7.Bxc4 Bb4 8.O-O Nbd7
9.Qe2 Bg6 10.e4 Bxc3 11.bxc3 Nxe4 12.Ba3 Qc7 13.Rfc1 O-O-O 14.Qd1 Rhe8 15.a5 Kb8
16.Bf1 c5 17.Bb5 f6 18.Ne1 c4 19.a6 b6 20.Nc2 Nd6 21.Bxd6 Qxd6 22.Nb4 Rc8
23.Qf3 e5 24.d5 Bd3 25.Qg4 Re7 26.Nc6+ Rxc6 27.dxc6 Nc5 28.Rd1 Qe6 29.Qg3 Ne4
30.Qe3 Nd6 31.Rxd3 cxd3 32.Qxd3 e4 33.Qd4 Qe5 34.Qd1 Kc7 35.Bf1 Qc5 36.c4 e3
37.fxe3 Rxe3 38.Kh1 Qxc6 39.Rc1 Qc5 40.Qg4 Qg5 41.Qd4 Qc5 42.Qg4 Re7 43.h3 Ne4
44.Qf3 h5 45.Rc2 h4 46.Kh2 Qe5+ 47.Kg1 Rd7 48.c5 bxc5 49.Rc4 f5 50.Qa3 Rd1
51.Qa5+ Kc8 52.Qa4 Rxf1+ 53.Kxf1 Ng3+  1-0

[Event "Litomysl op"]
[Site "Litomysl"]
[Date "1994.??.??"]
[Round "?"]
[White "Soln, Primoz"]
[Black "Savko, Alexei"]
[Result "0-1"]
[WhiteElo "2235"]
[BlackElo "2375"]

1.d4 d5 2.c4 c6 3.Nc3 Nf6 4.Nf3 dxc4 5.a4 Bf5 6.e3 e6 7.Bxc4 Bb4 8.O-O O-O
9.Nh4 Bg4 10.f3 Bh5 11.g3 Nbd7 12.Ne2 c5 13.Bd2 Bxd2 14.Qxd2 g5 15.Ng2 Ne5
16.Qc1 Nxf3+ 17.Kh1 Ne4 18.Bd3 Nfd2 19.Bxe4 Nxe4 20.Nc3 Nxc3 21.bxc3 Bg6
22.Qb2 Be4 23.a5 Rc8 24.Kg1 Qd5 25.Rfc1 Rc7 26.Ne1 Rfc8 27.Ra3 cxd4 28.exd4 e5
29.Rd1 Rc4 30.Rb3 exd4 31.Rxd4 Rxd4 32.cxd4 Qxa5 33.Re3 Qd5 34.Qd2 h6 35.Ra3 Rc4
36.Rxa7 Qxd4+ 37.Qxd4 Rxd4 38.Ra2 b5 39.Kf2 Rd1 40.Rb2 Rb1 41.Re2 Bg6 42.Nf3 b4
43.Nd2 Rh1 44.Ke3 Bh5 45.Rf2 Rd1 46.Kd4 Rc1 47.Nb3 Rc3 48.Rb2 Bg6 49.Nc5 Rc2
50.Rxb4 Rxh2 51.Ke3 Rc2 52.Nd7 Kg7 53.Ne5 Rc3+ 54.Kf2 Rc5 55.Nc4 Rf5+ 56.Kg2 Bh5
57.Ne3 Bf3+ 58.Kf2 Rf6 59.Kg1 h5 60.Rb5 Kg6 61.Nc4 Be2 62.Ne5+ Kf5 63.Ra5 Ke4
64.Nd7 Rf5 65.Ra4+ Kf3 66.Ra3+ Kg4 67.Re3 Bf3 68.Kh2 h4 69.Ne5+ Rxe5 70.Rxe5 hxg3+
71.Kg1 f5 72.Re8 f4 73.Re5 Bd1 74.Rd5 Be2 75.Rd4 Kh3 76.Rd8 f3 77.Rh8+ Kg4
78.Rf8 f2+ 79.Kh1 f1=Q+  0-1

[Event "Litomysl op"]
[Site "Litomysl"]
[Date "1994.??.??"]
[Round "?"]
[White "Priehoda, Vitezslav"]
[Black "Haba, Petr"]
[Result "0-1"]
[WhiteElo "2390"]
[BlackElo "2505"]

1.d4 d5 2.c4 c6 3.Nf3 Nf6 4.Nc3 dxc4 5.a4 Bf5 6.e3 e6 7.Bxc4 Bb4 8.O-O O-O
9.Qe2 Ne4 10.Nxe4 Bxe4 11.Rd1 Nd7 12.Bd3 Nf6 13.Ne5 Bxd3 14.Rxd3 c5 15.Bd2 Bxd2
16.Qxd2 Qd5 17.Qc3 Ne4 18.Qc4 f6 19.Qxd5 exd5 20.Nf3 c4 21.Rdd1 Rfe8 22.Nd2 Nxd2
23.Rxd2 Re6 24.Rc2 Rb6 25.Ra3 Re8 26.Kf1 Ree6 27.a5 Rb4 28.b3 Ra6 29.bxc4 dxc4
30.Raa2 b5 31.axb6 Rxa2 32.Rxa2 axb6 33.Ra7 b5 34.Ke2 Rb2+ 35.Kf3 c3 36.Rc7 b4
37.d5 Rd2 38.Ke4 c2 39.Kf5 Rxd5+  0-1

[Event "Lloyds Bank op"]
[Site "London"]
[Date "1994.??.??"]
[Round "1"]
[White "Maduekwe, Chiedu"]
[Black "Crouch, Colin S"]
[Result "0-1"]
[WhiteElo "2235"]
[BlackElo "2395"]

1.d4 d5 2.c4 c6 3.Nf3 Nf6 4.Nc3 dxc4 5.a4 Bf5 6.e3 e6 7.Bxc4 Bb4 8.O-O O-O
9.Nh4 Nbd7 10.Nxf5 exf5 11.Qf3 g6 12.Rd1 Nb6 13.Bf1 Nbd5 14.Bd2 Qe7 15.a5 a6
16.Be1 Rad8 17.Ra4 Bd6 18.g3 Rfe8 19.Bg2 Ne4 20.Rc1 h5 21.h4 Qf8 22.Rc4 Bc7
23.Na4 Nxg3 24.fxg3 Rxe3 25.Qf1 Bxg3 26.Bxg3 Rxg3 27.Qf2 f4 28.Re1 Qd6 29.Rc3 Nxc3
30.Nxc3 f3 31.Ne4 Rxg2+ 32.Qxg2 fxg2 33.Nxd6 Rxd6 34.Re7 Rxd4 35.Rxb7 Rxh4
36.Rb6 Rg4 37.Rxa6 h4 38.Rxc6 h3 39.Rc1 Ra4  0-1

[Event "Lloyds Bank op"]
[Site "London"]
[Date "1994.??.??"]
[Round "4"]
[White "Adianto, Utut"]
[Black "Chernin, Alexander"]
[Result "1/2-1/2"]
[WhiteElo "2520"]
[BlackElo "2615"]

1.d4 d5 2.c4 c6 3.Nc3 Nf6 4.Nf3 dxc4 5.a4 Bf5 6.Ne5 e6 7.f3 Bb4 8.Bg5 h6
9.Bh4 c5 10.dxc5 Qa5 11.Qd4 Nc6 12.Nxc6 bxc6 13.e4 Bg6 14.Bf2 O-O 15.Qxc4 Nd7
16.Be2 Ne5 17.Qd4 f6 18.O-O Rfd8 19.Qe3 Nd7 20.Bc4 Bf7 21.f4 Bxc5 22.Qh3 e5
23.Bxf7+ Kxf7 24.Rad1 Nf8 25.fxe5 Bxf2+ 26.Rxf2 Qxe5 27.Rfd2 Qc5+  1/2-1/2

[Event "Paris-London"]
[Site "London"]
[Date "1994.??.??"]
[Round "5"]
[White "Kinsman, Andrew PH"]
[Black "Wagner, Claude"]
[Result "1-0"]
[WhiteElo "2375"]
[BlackElo "2355"]

1.d4 d5 2.c4 c6 3.Nc3 Nf6 4.Nf3 dxc4 5.a4 Bf5 6.Ne5 e6 7.f3 Bb4 8.Bg5 h6
9.Bh4 c5 10.dxc5 Qa5 11.Qd4 Nc6 12.Nxc6 bxc6 13.e4 Bg6 14.Qxc4 O-O 15.Bf2 Nd7
16.Be2 Rad8 17.Rc1 Bxc5 18.O-O Bxf2+ 19.Rxf2 Ne5 20.Qa6 Qb4 21.Bf1 Qb6 22.Qxb6 axb6
23.Nb1 Rd4 24.b3 f6 25.Rd2 Rfd8 26.Rxd4 Rxd4 27.Na3 Rb4 28.Nc4 Nxc4 29.Rxc4 Rxb3
30.Rxc6 Be8 31.Rc8 Kf7 32.Bc4 Rb1+ 33.Kf2 Bxa4 34.Rc7+ Kf8 35.Bxe6 Be8 36.f4 Rd1
37.e5 fxe5 38.fxe5 Rd8 39.Ke2 b5 40.Rb7  1-0

[Event "Paris-London"]
[Site "London"]
[Date "1994.??.??"]
[Round "7"]
[White "Ward, Christopher"]
[Black "Wagner, Claude"]
[Result "0-1"]
[WhiteElo "2490"]
[BlackElo "2355"]

1.d4 d5 2.c4 c6 3.Nc3 Nf6 4.Nf3 dxc4 5.a4 Bf5 6.Ne5 e6 7.f3 Bb4 8.e4 Bxe4
9.fxe4 Nxe4 10.Bd2 Qxd4 11.Nxe4 Qxe4+ 12.Qe2 Bxd2+ 13.Kxd2 Qd5+ 14.Kc3 O-O
15.Qe3 b5 16.axb5 cxb5 17.Be2 Nd7 18.Nxd7 Qxd7 19.Bf3 Rac8 20.Rxa7 b4+ 21.Kc2 Qb5
22.Rd1 c3 23.b3 Rcd8 24.Be2 Qb8 25.Rxd8 Rxd8 26.Bd3 Qxh2 27.Qf2 f5 28.Qe2 e5
29.Qf2 e4 30.Bc4+ Kh8 31.Bd5 Qe5 32.Qc5 h6 33.Re7 Qxd5 34.Re8+ Kh7 35.Qxd5 Rxd5
36.Rb8 Rd4  0-1

[Event "EUCup f"]
[Site "Lyon"]
[Date "1994.??.??"]
[Round "?"]
[White "Ruzele, Darius"]
[Black "Thorsteins, Karl"]
[Result "1-0"]
[WhiteElo "2495"]
[BlackElo "2510"]

1.d4 d5 2.c4 c6 3.Nc3 Nf6 4.Nf3 dxc4 5.a4 Bf5 6.Ne5 Nbd7 7.Nxc4 Nb6 8.Ne5 e6
9.f3 a5 10.e4 Bg6 11.Be3 Bb4 12.Be2 O-O 13.O-O Nfd7 14.Nxg6 hxg6 15.Kh1 Qe7
16.Bg1 Rfd8 17.Qb3 c5 18.Na2 cxd4 19.Nxb4 Qxb4 20.Qxb4 axb4 21.a5 d3 22.Bxd3 Ne5
23.Bb5 Nbc4 24.f4 Nd6 25.Be2 Nc6 26.Bb6 Re8 27.e5 Nc8 28.Bf3 Nxb6 29.axb6 Ne7
30.Bxb7 Rab8 31.Ra7 Nc8 32.Bxc8 Rexc8 33.Rc7 Rxc7 34.bxc7 Rc8 35.Rc1 Kf8
36.Kg1 Ke7 37.Kf2 Kd7 38.Ke3 Rxc7 39.Rxc7+ Kxc7 40.Kd4 Kb6 41.Kc4  1-0

[Event "Makarska"]
[Site "Makarska"]
[Date "1994.??.??"]
[Round "?"]
[White "Stone, Raymond"]
[Black "Ivanda, Branko"]
[Result "1/2-1/2"]
[WhiteElo "2355"]
[BlackElo "2320"]

1.d4 d5 2.c4 c6 3.Nf3 Nf6 4.Nc3 dxc4 5.a4 Bf5 6.e3 e6 7.Bxc4 Bb4 8.O-O a5
9.Qe2 Nbd7 10.e4 Bg4  1/2-1/2

[Event "Minsk op"]
[Site "Minsk"]
[Date "1994.??.??"]
[Round "2"]
[White "Yuferov, Sergey  N"]
[Black "Shurygin, Sergey"]
[Result "1-0"]
[WhiteElo "2475"]
[BlackElo "2335"]

1.d4 d5 2.c4 c6 3.Nc3 Nf6 4.Nf3 dxc4 5.a4 Bf5 6.e3 e6 7.Bxc4 Bb4 8.O-O Nbd7
9.Nh4 Bg6 10.Qb3 Qe7 11.a5 Nd5 12.g3 O-O 13.Nxg6 hxg6 14.e4 N5f6 15.e5 Nd5
16.Ne4 b5 17.Bxd5 cxd5 18.Ng5 Rfc8 19.h4 Rc4 20.Qd3 a6 21.Be3 Rac8 22.h5 Nf8
23.hxg6 Nxg6 24.f4 R8c7 25.f5 exf5 26.Rxf5 Qe8 27.Raf1 R4c6 28.Nxf7 Re6 29.Ng5 Rec6
30.Qb3 Rc4 31.Qd1 Be7 32.Qf3 Bxg5 33.Qxd5+ Kh7  1-0

[Event "Moscow-ch"]
[Site "Moscow"]
[Date "1994.??.??"]
[Round "?"]
[White "Notkin, Maksim"]
[Black "Tarasenko, A."]
[Result "1/2-1/2"]
[WhiteElo "2465"]
[BlackElo "2280"]

1.d4 d5 2.c4 c6 3.Nf3 Nf6 4.Nc3 dxc4 5.a4 Bf5 6.e3 e6 7.Bxc4 Bb4 8.O-O Nbd7
9.Nh4 Bg6 10.h3 O-O 11.Nxg6 hxg6 12.Qc2 Qe7 13.Rd1 Rfd8 14.Ba2 Nb6 15.e4 c5
16.e5 Ne8 17.d5 exd5 18.Nxd5 Nxd5 19.Rxd5 Rxd5 20.Bxd5 Rd8 21.Qe4 Nc7 22.Bb3 Ne6
23.Be3 Bd2 24.Bxe6 fxe6 25.Qxg6 Bxe3 26.fxe3 Rd2 27.b3 Qf7  1/2-1/2

[Event "Moscow ol (Men)"]
[Site "Moscow"]
[Date "1994.??.??"]
[Round "1"]
[White "Yegiazarian, Arsen"]
[Black "Smith, Robert W"]
[Result "1-0"]
[WhiteElo "2390"]
[BlackElo "2255"]

1.d4 d5 2.c4 c6 3.Nf3 Nf6 4.Nc3 dxc4 5.a4 Bf5 6.e3 e6 7.Bxc4 Bb4 8.O-O O-O
9.h3 Nbd7 10.Nh4 Nb6 11.Bb3 Nbd5 12.Nxf5 exf5 13.Bd2 Bd6 14.Qf3 Qd7 15.a5 Rfe8
16.Nxd5 Nxd5 17.a6 b6 18.Rfc1 Rac8 19.g3 Nf6 20.Kg2 Ne4 21.Be1 g6 22.Rc2 Ng5
23.Qd1 f4 24.Qg4 Qxg4 25.hxg4 fxe3 26.f4 Ne4 27.Kf3 h6 28.Ba4 Nd2+ 29.Bxd2 exd2
30.Rxd2 b5 31.Bb3 c5 32.dxc5 Bxc5 33.Rd3 Bb6 34.Rad1 Rcd8 35.Bd5 Rc8 36.R1d2 Rc1
37.Rb3 Rc5 38.Bb7 Rd8 39.Rxd8+ Bxd8 40.Rd3 Bf6  1-0

[Event "Moscow ol (Men)"]
[Site "Moscow"]
[Date "1994.??.??"]
[Round "3"]
[White "Martin, David"]
[Black "Dridi, Ali"]
[Result "1/2-1/2"]
[WhiteElo "2045"]
[BlackElo "2270"]

1.d4 d5 2.c4 c6 3.Nf3 Nf6 4.Nc3 dxc4 5.a4 Bf5 6.e3 e6 7.Bxc4 Bb4 8.O-O O-O
9.Nh4 Nbd7 10.Nxf5 exf5 11.Qc2 g6 12.f3 a5 13.Na2 Be7 14.Bd2 Nb6 15.Bd3 f4
16.e4 Qxd4+ 17.Kh1 Nh5 18.Nc1 Rfd8 19.Bc3 Qc5 20.Ne2 Rd7 21.Rac1 Rad8 22.Rfd1 Nxa4
23.Qxa4 Rxd3 24.Rxd3 Rxd3 25.Qxa5 Qe3 26.Re1 Bh4 27.Ng3 Bd8 28.Rxe3 Rd1+
29.Re1 Rxe1+ 30.Bxe1 Bxa5 31.Nxh5 Bxe1 32.Nxf4 Bf2 33.Nd3 Bd4 34.b4 b6 35.g3 c5
36.bxc5 bxc5 37.Kg2 c4 38.Nb4 f6 39.Kf1 Kf7 40.Ke2 Ke6 41.Nd5 Kd6 42.Nf4 Bg1
43.h4 Kc5 44.Kd2 Bf2 45.Ne2 Kb4 46.Kc2 h6 47.Nf4 Bxg3 48.Nxg6 Kc5 49.h5 Kd4
50.Ne7 Ke3 51.Nf5+ Kxf3 52.Nxh6 Kxe4 53.Nf7 Kf5 54.Kc3 Ke6 55.Nd8+ Kd5 56.Nf7 Be1+
57.Kc2 Ke6 58.Nd8+ Kf5 59.Nf7 c3 60.Kd3 Ke6 61.Nd8+ Ke7 62.Nc6+ Kf7 63.Nd4 Kg7
64.Nf5+ Kh7 65.Kc2 Bd2 66.Kd3 Kg8 67.Kc2  1/2-1/2

[Event "Moscow ol (Men)"]
[Site "Moscow"]
[Date "1994.??.??"]
[Round "8"]
[White "Mohandesi, Shahin"]
[Black "Kassis, Antoine"]
[Result "1-0"]
[WhiteElo "2320"]
[BlackElo "2205"]

1.Nf3 Nf6 2.d4 d5 3.c4 c6 4.Nc3 dxc4 5.a4 Bf5 6.e3 e6 7.Bxc4 Bb4 8.O-O O-O
9.Ne2 Ne4 10.Nd2 Nxd2 11.Bxd2 Bxd2 12.Qxd2 Nd7 13.Ng3 Bg6 14.e4 e5 15.Rfd1 Qe7
16.dxe5 Nxe5 17.Be2 Rfd8 18.Qe3 f6 19.f4 Nd7 20.Qb3+ Bf7 21.Qxb7 Rab8 22.Qxa7 Rxb2
23.Bg4 Be6 24.Bxe6+ Qxe6 25.Qc7 Rbb8 26.Rd6 Qe8 27.Rad1 Rbc8 28.Rxd7  1-0

[Event "Moscow ol (Men)"]
[Site "Moscow"]
[Date "1994.??.??"]
[Round "11"]
[White "Djurhuus, Rune"]
[Black "Petursson, Margeir"]
[Result "1-0"]
[WhiteElo "2470"]
[BlackElo "2540"]

1.d4 d5 2.c4 c6 3.Nf3 Nf6 4.Nc3 dxc4 5.a4 Bf5 6.e3 e6 7.Bxc4 Bb4 8.O-O O-O
9.Nh4 Nbd7 10.Qb3 Qb6 11.Nxf5 exf5 12.Bd2 a5 13.Rfd1 g6 14.Rac1 Rad8 15.g3 Kg7
16.Bf1 h5 17.h4 Qa7 18.Bg2 Rfe8 19.Be1 Ng4 20.Ne2 Bxe1 21.Rxe1 Qb6 22.Qxb6 Nxb6
23.b3 Nf6 24.Nf4 Ne4 25.Bxe4 Rxe4 26.Kf1 Nd5 27.Rc5 Nxf4 28.gxf4 Ra8 29.Rec1 Re7
30.Ke2 Rd7 31.Re5 Kf8 32.Kd3 Rd6 33.Rec5 Ke7 34.f3 Kd7 35.d5 b6 36.Rxc6 Rxd5+
37.Ke2 Rd6 38.Rc7+ Ke6 39.R1c6 Rd8 40.Rxd6+ Rxd6 41.Rb7 Kf6 42.e4 Kg7 43.e5 Rc6
44.Kd3 Kf8 45.Kd4 Ke8 46.Kd5 Rc3 47.Rxb6 Rxf3 48.Rb8+ Ke7 49.Rb7+ Kf8 50.e6 fxe6+
51.Ke5 Kg8 52.b4 axb4 53.Rxb4 Re3+ 54.Kf6 Kh7 55.Rb7+ Kh6 56.Rb8 Kh7 57.Rb7+ Kh6
58.a5 Ra3 59.Rb8 Kh7 60.Rb7+ Kh6 61.Ra7 Ra1 62.a6 Ra4 63.Ra8 Kh7 64.Kg5 Kg7
65.Ra7+ Kf8 66.Kf6 Ke8 67.Re7+ Kd8 68.a7 Ra6 69.Kf7 Kc8 70.Re8+ Kb7 71.a8=Q+  1-0